THE ECONOMIC ROLE OF RAILWAYS DETERMINANTS OF RAILWAY TRAFFIC WORKING PAPERS (Record no. 543001)

000 -LEADER
fixed length control field 00500nam a22001337a 4500
082 ## - DEWEY DECIMAL CLASSIFICATION NUMBER
Classification number 385.1
Author Mark ECO
-- D
110 ## - MAIN ENTRY--CORPORATE NAME
Corporate name or jurisdiction name as entry element TRANSPORTATION AND WATER DEPARTMENT
9 (RLIN) 38378
245 ## - TITLE STATEMENT
Title THE ECONOMIC ROLE OF RAILWAYS DETERMINANTS OF RAILWAY TRAFFIC WORKING PAPERS
Remainder of title THE ECONOMIC ROLE OF RAILWAYS DETERMINANTS OF RAILWAY TRAFFIC WORKING PAPERS
260 ## - PUBLICATION, DISTRIBUTION, ETC.
Place of publication, distribution, etc. WASHINGTON DC
Name of publisher, distributor, etc. THE WORLD BANK
Date of publication, distribution, etc. 1979
300 ## - PHYSICAL DESCRIPTION
Extent 140P.:
Dimensions 25CM
526 ## - STUDY PROGRAM INFORMATION NOTE
Program name 0
Interest level 0
Reading level 0
Title point value 385_100000000000000_ECO
650 ## - SUBJECT ADDED ENTRY--TOPICAL TERM
Topical term or geographic name entry element NUST
9 (RLIN) 6342
942 ## - ADDED ENTRY ELEMENTS (KOHA)
Source of classification or shelving scheme
Koha item type Book
Holdings
Withdrawn status Lost status Source of classification or shelving scheme Damaged status Not for loan Permanent Location Current Location Date acquired Total Checkouts Full call number Barcode Date last seen Price effective from Koha item type
          Military College of Engineering (MCE) Military College of Engineering (MCE) 02/28/2014   385.1 ECO MCE-43212 02/28/2014 02/28/2014 Book
© 2023 Central Library, National University of Sciences and Technology. All Rights Reserved.